the way of samurai (Record no. 8409)
[ view plain ]
| 000 -LEADER | |
|---|---|
| fixed length control field | 00829nam a22001817a 4500 |
| 003 - CONTROL NUMBER IDENTIFIER | |
| control field | OSt |
| 005 - DATE AND TIME OF LATEST TRANSACTION | |
| control field | 20260317234129.0 |
| 008 - FIXED-LENGTH DATA ELEMENTS--GENERAL INFORMATION | |
| fixed length control field | 260216b |||||||| |||| 00| 0 eng d |
| 020 ## - INTERNATIONAL STANDARD BOOK NUMBER | |
| International Standard Book Number | 9780545341011 |
| 040 ## - CATALOGING SOURCE | |
| Original cataloging agency | DWCL GS library |
| Transcribing agency | OC |
| 082 ## - DEWEY DECIMAL CLASSIFICATION NUMBER | |
| Classification number | Fic. S856w 2012 |
| 100 ## - MAIN ENTRY--PERSONAL NAME | |
| Personal name | Stilton, Geronimo |
| 245 ## - TITLE STATEMENT | |
| Title | the way of samurai |
| 300 ## - PHYSICAL DESCRIPTION | |
| Extent | 106 |
| Other physical details | illustrations |
| Dimensions | 20cm |
| 520 ## - SUMMARY, ETC. | |
| Summary, etc. | In The Way of the Samurai (Geronimo Stilton #49), Geronimo Stilton travels to Japan with his friend Wild Willie to recover an ancient, stolen samurai scroll. They must overcome skilled ninjas to stop an evil master from misusing the long-lost martial arts secrets hidden within, making for a thrilling, culture-filled adventure. |
| 700 ## - ADDED ENTRY--PERSONAL NAME | |
| Personal name | Geronimo Stilton |
| 942 ## - ADDED ENTRY ELEMENTS (KOHA) | |
| Source of classification or shelving scheme | Dewey Decimal Classification |
| Koha item type | Fiction |
| Classification part | Fic. S856w 2012 |
| Suppress in OPAC | No |
| 952 ## - LOCATION AND ITEM INFORMATION (KOHA) | |
| -- | |
| Withdrawn status | Lost status | Source of classification or shelving scheme | Damaged status | Not for loan | Home library | Current library | Shelving location | Date acquired | Source of acquisition | Total Checkouts | Full call number | Barcode | Date last seen | Price effective from | Koha item type | Uniform Resource Identifier |
|---|---|---|---|---|---|---|---|---|---|---|---|---|---|---|---|---|
| Dewey Decimal Classification | Grade School Library | Grade School Library | Fiction | 02/16/2026 | School Fund, Donation | Fic. S856w | 21229 | 02/16/2026 | 02/16/2026 | FIC. |